| 000 | 00414nam a2200169Ia 4500 | ||
|---|---|---|---|
| 008 | 230524s9999 xx 000 0 und d | ||
| 020 | _a8188114332 | ||
| 082 |
_a620.0042503 _bSRI |
||
| 100 |
_aR.K.Srivastava _942036 |
||
| 245 | 0 | _aComputerAided Design | |
| 250 | _a4 | ||
| 260 |
_aNew Delhi _bUmesh Publi. _c2008 |
||
| 300 | _a"XVI,473p;" | ||
| 500 | _aQuantity Number: 1 | ||
| 650 | _aComp-Sc | ||
| 942 | _cBK | ||
| 999 |
_c56452 _d56452 |
||